000 00444nam a2200157 i 4500
001 39909
003 ES-MaACL
005 20230906160112.0
007 t|
008 030304s1930 sp ||||1| spa d
100 1 _aCandela y Martín, Enrique.
_934453
245 1 0 _aPurificación por sacrificio
_b: poema /
_cEnrique Candela.
260 _aMadrid :
_bJ. Sánchez de Ocaña,
_c1930.
300 _a34 p. ;
_c16 cm.
852 _aES-MaACL
_j1736-F-2
999 _c39909
_d39909